Statistics for Asia Geography by letter a

Click here to take the quiz!

General Stats

  • This quiz has been taken 24 times
  • The average score is 8 of 11

Answer Stats

HintAnswer% Correct
Most dangerous country to visitAfghanistan
95%
The main language in Saudi ArabiaArabic
95%
Capital of JordanAmman
91%
Capital of TurkeyAnkara
91%
A country that is spilt by ArmeniaAzerbaijan
82%
A temple built In CambodiaAngkor Wat
77%
Capital of TurkmenistanAshgabat
77%
The biggest country in this peninsula is Saudi ArabiaArabian peninsula
55%
A saltwater lake resting in the border of Uzbekistan and KazakhstanAral Sea
45%
A chain of islands in the Bay of BengalAndaman Islands
36%
A mountain range that stretches through western Mongolia and northern ChinaAltai mountains
18%

Score Distribution

Percentile by Number Answered

Percent of People with Each Score

Your Score History

You have not taken this quiz